Catálogo
 En Linea

Cantos de vida y esperanza / (Registro nro. 41729)

Detalles MARC
000 -CABECERA
campo de control de longitud fija 00880nam a2200217 a 4500
001 - NÚMERO DE CONTROL
campo de control 000042240
005 - FECHA Y HORA DE LA ÚLTIMA TRANSACCIÓN
campo de control 20201002040026.0
008 - DATOS DE LONGITUD FIJA--INFORMACIÓN GENERAL
campo de control de longitud fija 131120s2004 sp 000 p spa d
020 ## - NÚMERO INTERNACIONAL ESTÁNDAR DEL LIBRO
Número Internacional Estándar del Libro 8497933451
040 ## - FUENTE DE LA CATALOGACIÓN
Centro catalogador/agencia de origen DO-SdBNP
Lengua de catalogación spa
Centro/agencia transcriptor BNPHU
082 ## - NÚMERO DE LA CLASIFICACIÓN DECIMAL DEWEY
Número de clasificación xxx
Número de documento/Ítem D218c
100 1# - ENTRADA PRINCIPAL--NOMBRE DE PERSONA
Nombre de persona Darío, Rubén,
Fechas asociadas al nombre 1867-1916.
9 (RLIN) 15535
245 10 - MENCIÓN DE TÍTULO
Título Cantos de vida y esperanza /
Mención de responsabilidad, etc. Rubén Darío ; edición de Rocío Oviedo Pérez de Tudela.
260 ## - PUBLICACIÓN, DISTRIBUCIÓN, ETC.
Lugar de publicación, distribución, etc. Barcelona :
Nombre del editor, distribuidor, etc. Bolsillo,
Fecha de publicación, distribución, etc. 2004.
490 1# - MENCIÓN DE SERIE
Mención de serie Clásicos (Debolsillo (Firm)
-- area
Designación de volumen o secuencia 61
500 ## - NOTA GENERAL
Nota general "Coedición entre Area y Random House Mondadori, S.A."
500 ## - NOTA GENERAL
Nota general Incluye referencias bibliográficas y notas al pie de las páginas.
500 ## - NOTA GENERAL
Nota general Incluye datos biográficos del autor en la solapa de la contracubierta.
700 12 - PUNTO DE ACCESO ADICIONAL--NOMBRE DE PERSONA
Nombre de persona Oviedo Pérez de Tudela, Rocío
Fechas asociadas al nombre 1953-
Término indicativo de función/relación ed.
9 (RLIN) 69259
830 #0 - PUNTO DE ACCESO ADICIONAL DE SERIE-TÍTULO UNIFORME
Título uniforme Clásicos (Debolsillo (Firm)
Nombre de parte o sección de la obra area
Número de parte o sección de la obra 61
9 (RLIN) 69260
Existencias
Estado de retiro Estado de pérdida Restricciones de uso No para préstamo Código de colección Localización permanente Ubicación/localización actual Ubicación en estantería Fecha de adquisición Número de inventario Total de préstamos Signatura topográfica completa Código de barras Fecha visto por última vez Precio válido a partir de Tipo de ítem Koha
      Excluido de préstamo Monografías: Libros y Folletos General General En catalogación 20.11.2013 LF1   xxx D218c 42240-10 25.06.2020 25.06.2020 No se presta

Con tecnología Koha